| 000 | 01219nam a22003134a 4500 | ||
|---|---|---|---|
| 001 | ebr10167491 | ||
| 003 | CaPaEBR | ||
| 006 | m u | ||
| 007 | cr cn||||||||| | ||
| 008 | 060419s2006 nyua sb 001 0 eng | ||
| 010 | _z 2006041844 | ||
| 020 | _z1403971129 | ||
| 040 |
_aCaPaEBR _cCaPaEBR |
||
| 035 | _a(OCoLC)182530150 | ||
| 043 | _aa-ja--- | ||
| 050 | 1 | 4 |
_aJQ1631 _b.K392 2006eb |
| 082 | 0 | 4 |
_a320.952 _222 |
| 100 | 1 | _aKawabata, Eiji. | |
| 245 | 1 | 0 |
_aContemporary government reform in Japan _h[electronic resource] : _bthe dual state in flux / _cEiji Kawabata. |
| 260 |
_aNew York : _bPalgrave Macmillan, _c2006. |
||
| 300 |
_axvi, 230 p. : _bill. |
||
| 504 | _aIncludes bibliographical references (p. [193]-215) and index. | ||
| 533 |
_aElectronic reproduction. _bPalo Alto, Calif. : _cebrary, _d2013. _nAvailable via World Wide Web. _nAccess may be limited to ebrary affiliated libraries. |
||
| 651 | 0 |
_aJapan _xPolitics and government _y1989- |
|
| 651 | 0 |
_aJapan _xEconomic policy _y1989- |
|
| 655 | 7 |
_aElectronic books. _2local |
|
| 710 | 2 | _aebrary, Inc. | |
| 856 | 4 | 0 |
_uhttp://site.ebrary.com/lib/rucke/Doc?id=10167491 _zAn electronic book accessible through the World Wide Web; click to view |
| 999 |
_c247008 _d247008 |
||